00413nam a2200145Ia 4500008004100000020001800041041000800059082002000067100002500087245005900112250000600171260006100177300001500238650001400253210716s2008 xx 000 0 und d a9780070588400 aeng a658.804023 HAVK aHavaldar, Krishna K. aIndustrial marketing: text and cases.bText and cases. a2 aNew DelhibTata McGraw Hill Publishing Company Ltdc2008 axxviii,379 aMarketing